01269nam a2200265 c 4500001000200000003000200002005001700004008004100021020001800062040002700080082002600107100004800133245005200181250005200233260009800285300003000383500035900413500000700772504003300779600007400812630003000886650002500916650002400941650003800965  20230427132613.0151007s2015 sp a | |||| 000 f spa  a9788420412146 aBPMSU bspacBPMSU e  a863.3bC419d 20152221 aCervantes Saavedra, Miguel ded1547-16160 10aDon Quijote de la Mancha /cMiguel de Cervantes aEdición conmemorativa IV Centenario Cervantes aMadrid :bReal Academia Española ;bAsociación de Academias de la Lengua Españolac2015 aCXXI, 1249 p.bil.c21 cm aIncluye (p. XXXIII-CXXI, p. 1115-1153): Una novela para el siglo XXI / Mario Vargas Llosa ; La invención del "Quijote" / Francisco Ayala ; Cervantes y el "Quijote" / Martín de Riquer ; Nota al texto / Francisco Rico. La lengua de Cervantes y el "Quijote" / José Manuel Blecua, Guillermo Rojo, José Antonio Pascual, Margit Frenk, Claudio Guillén a b aBibliografía: p. 1153-115514aCervantes Saavedra, Miguel ded1547-1616tDon Quijote de la Mancha2  4aLiteratura española x  4aNovela españolax  4aNovela de aventuras 4aCaballeros y caballeríavNovela